Llengües catalana i castellana : comprensió lectora i expressió escrita : curs... comprensió lectora i expressió escrita :
Publicado:
Barcelona :
Diputació de Barcelona. Àrea d'Educació. Centre de Formació d'Adults Can Batlló, [2008]
Descripción Física:
58 p. ; 30 cm
MARC
| LEADER | 00000nam a2200000Ia 4500 | ||
|---|---|---|---|
| 001 | 20652, 22153 | ||
| 008 | 160829s9999 xx 000 0 cat d | ||
| 080 | |a E-1-300, E-1-354 | ||
| 245 | |a Llengües catalana i castellana : |b comprensió lectora i expressió escrita : |b curs... | ||
| 260 | |a Barcelona : |b Diputació de Barcelona. Àrea d'Educació. Centre de Formació d'Adults Can Batlló, [2008] | ||
| 300 | |a 58 p. ; |c 30 cm | ||
| 590 | |a Preparació prova d'accés als Cicles Formatius de Grau Superior | ||
| 650 | |a Català |x Problemes, exercicis, etc. |9 46153 | ||
| 650 | |a Castellà |x Problemes, exercicis, etc. |9 39539 | ||
| 650 | |a Lectura |x Comprensió |x Problemes, exercicis, etc. |9 39542 | ||
| 710 | |a Barcelona (Catalunya : Província). |b Àrea d'Educació |9 8009 | ||
| 710 | 2 | |a Centre de Formació d'Adults Can Batlló |9 55011 | |
| 866 | |a 2008 - 2009, 2009 - 2010 | ||
| 901 | |a Arxiu | ||
| 942 | |n 1 | ||
| 952 | |0 0 |1 0 |4 0 |6 E1300_E1354 |7 1 |9 49064 |a Arxiu |b Arxiu |d 2016-12-01 |l 0 |o E-1-300, E-1-354 |p 20652, 22153 |r 2016-12-01 00:00:00 |w 2016-12-01 |y ARXIU | ||
| 999 | |c 52901 |d 52901 | ||